CBSE CCE Sample Papers in Social Science U-Like (Record no. 5897)
[ view plain ]
| 000 -LEADER | |
|---|---|
| fixed length control field | 00241nam a22000857a 4500 |
| 008 - FIXED-LENGTH DATA ELEMENTS--GENERAL INFORMATION | |
| fixed length control field | 170201b xxu||||| |||| 00| 0 eng d |
| 100 ## - MAIN ENTRY--PERSONAL NAME | |
| 9 (RLIN) | 2730 |
| Personal name | CBSE |
| 245 ## - TITLE STATEMENT | |
| Title | CBSE CCE Sample Papers in Social Science U-Like |
| 260 ## - PUBLICATION, DISTRIBUTION, ETC. (IMPRINT) | |
| Place of publication, distribution, etc. | New delhi |
| Name of publisher, distributor, etc. | Best Book |
| Date of publication, distribution, etc. | 2013 |
| Withdrawn status | Lost status | Source of classification or shelving scheme | Damaged status | Koha normalized classification for sorting | Not for loan | Home library | Current library | Shelving location | Date acquired | Total Checkouts | Full call number | Barcode | Date last seen | Price effective from | Koha item type | Date last checked out | Total Renewals |
|---|---|---|---|---|---|---|---|---|---|---|---|---|---|---|---|---|---|
| Dewey Decimal Classification | 300_000000000000000 | Good Samaritan School Library | Good Samaritan School Library | Social Science | 02/01/2017 | 300 | CBS11676 | 02/01/2017 | 02/01/2017 | BOOK | |||||||
| Dewey Decimal Classification | 300_000000000000000 | Good Samaritan School Library | Good Samaritan School Library | Social Science | 02/01/2017 | 300 | CBS11677 | 02/01/2017 | 02/01/2017 | BOOK | |||||||
| Dewey Decimal Classification | 300_000000000000000 | Good Samaritan School Library | Good Samaritan School Library | Social Science | 02/01/2017 | 3 | 300 | CBS11678 | 01/28/2020 | 02/01/2017 | BOOK | 01/14/2020 | |||||
| Dewey Decimal Classification | 300_000000000000000 | Good Samaritan School Library | Good Samaritan School Library | Social Science | 02/01/2017 | 6 | 300 | CBS11679 | 01/24/2024 | 02/01/2017 | BOOK | 01/12/2024 | 1 | ||||
| Dewey Decimal Classification | 300_000000000000000 | Good Samaritan School Library | Good Samaritan School Library | Social Science | 02/01/2017 | 300 | CBS11680 | 02/01/2017 | 02/01/2017 | BOOK | |||||||
| Dewey Decimal Classification | 300_000000000000000 | Good Samaritan School Library | Good Samaritan School Library | Social Science | 02/01/2017 | 1 | 300 | CBS11681 | 11/16/2019 | 02/01/2017 | BOOK | 11/08/2019 |